| 000 | 00727nam a2200277Ia 4500 | ||
|---|---|---|---|
| 008 | 170711s9999 xx 000 0 und d | ||
| 020 | _a9780749452674 | ||
| 050 | _a153.9 | ||
| 050 | _bB274 2008 | ||
| 100 | _aBarrett, Jim | ||
| 245 | _aUltimate aptitude tests : | ||
| 245 | _bassess your potential with aptitude, motivational and personality tests / | ||
| 245 | _cby Jim Barrett. | ||
| 260 | _aLondon : | ||
| 260 | _bKogan Page, | ||
| 260 | _c2008 | ||
| 300 | _avi, 201 pages : | ||
| 300 | _billustrations ; | ||
| 300 | _c23cm. | ||
| 650 | _aAbility -- | ||
| 650 | _aOccupational aptitude tests. | ||
| 650 | _aVocational interests -- | ||
| 650 | _xTesting. | ||
| 650 | _xTesting. | ||
| 700 | _aTitle. | ||
| 999 |
_c339612 _d339612 |
||